MESTSKÁ KNIŽNICA GIRALTOVCE  - online katalóg 

Rozdané zostáva (Record no. 15063)

000 -NÁVESTIE
fixed length control field 00904nam a2200277 a 4500
008 - ÚDAJE S PEVNOU DĹŽKOU – VŠEOBECNÉ INFORMÁCIE
fixed length control field 061123s2006||||xo o g 000 0cslo d
020 ## - MEDZINÁRODNÉ ŠTANDARDNÉ ČÍSLO KNIHY (ISBN)
Medzinárodné štandardné číslo knihy (ISBN) 8088892740
Qualifying information (viaz.)
Údaje o dostupnosti 10
040 ## - ZDROJ KATALOGIZÁCIE
Pôvodná katalogizujúca agentúra SNK
Jazyk katalogizácie slo
Prepisujúca agentúra SNK
Konvencie popisu AACR2
041 0# - KÓD JAZYKA
Kód jazyka textu/zvukovej stopy alebo samostatných nápisov slo
043 ## -
-- e-xo---
044 ## - KÓD KRAJINY VYDAVATEĽA/PRODUCENTA
Kód krajiny MARC xo
Kód krajiny ISO SK
-- SK
072 #7 - KÓD PREDMETOVEJ KATEGÓRIE
Kód predmetovej kategórie 929
Pododdiel kódu predmetovej kategórie Biografie
Zdroj konspekt
080 ## - ČÍSLO MEDZINÁRODNÉHO DESATINNÉHO TRIEDENIA (MDT)
Číslo Medzinárodného desatinného triedenia (MDT) 929
Identifikátor vydania 2001
080 ## - ČÍSLO MEDZINÁRODNÉHO DESATINNÉHO TRIEDENIA (MDT)
Číslo Medzinárodného desatinného triedenia (MDT) (047.53)
Identifikátor vydania 2001
080 ## - ČÍSLO MEDZINÁRODNÉHO DESATINNÉHO TRIEDENIA (MDT)
Číslo Medzinárodného desatinného triedenia (MDT) (437.6)
Identifikátor vydania 2001
100 1# - OSOBNÉ MENÁ – VŠEOBECNÉ INFORMÁCIE
Osobné meno Bukovská, Zuzana,
Dátumy súvisiace s menom 1946-
245 10 - NÁZOV
Názov Rozdané zostáva
Zvyšok názvu rozhovory s osobnosťami, ktoré zblížil Turiec
Údaj o zodpovednosti atď. Zuzana Bukovská ; [fotografie: Boris Bukovský st., Jaroslav Podhorský, Filip Lašut]
250 ## - ÚDAJ O PORADÍ VYDANIA
Údaj o poradí vydania [1. vyd.]
260 ## - VYDAVATEĽSKÉ ÚDAJE, DISTRIBÚCIA ATĎ.
Miesto publikovania, distribúcie atď. Martin
Názov vydavateľa, distibútora atď. Neografia
Dátum publikovania, distribúcie atď. 2006
300 ## - FYZICKÝ POPIS
Rozsah 281 s.
Ďalšie fyzické detaily fotogr.
Rozmery 21 cm
650 07 - PRIDANÝ VSTUP – PREDMET – TEMATICKÉ HESLO
Tematické heslo alebo geografický názov ako vstupný prvok osobnosti
Zdroj hesla alebo termínu SNKPH
651 #7 - PRIDANÝ VSTUP – PREDMET – GEOGRAFICKÝ NÁZOV
Geografický názov Turiec (Slovensko)
Zdroj hesla alebo termínu SNKPH
700 1# - PRIDANÝ VSTUP – OSOBNÉ MENO
Osobné meno Bukovský, Boris
Kód roly pht
700 1# - PRIDANÝ VSTUP – OSOBNÉ MENO
Osobné meno Lašut, Filip,
Dátumy súvisiace s menom 1945-
Kód roly pht
700 1# - PRIDANÝ VSTUP – OSOBNÉ MENO
Osobné meno Podhorský, Jaroslav
Kód roly pht
Holdings
Stav stiahnutia (Blokovanie) (Withrawn status) Stav straty Stav poškodenia (Damaged status) Nie pre výpožičky (Not for loan) Spôsob nadobudnutia (Collection code) Trvalé umiestnenie Aktuálne umiestnenie Dátum nadobudnutia Náklady, bežná kúpna cena Inventárne číslo (prírastkové číslo) Full call number Dátum posledného výskytu Cena s účinnosťou od Typ jednotky Koha
        Kúpa Mestská knižnica Giraltovce Mestská knižnica Giraltovce 2019-11-29 10.00 14100 I 0171 2019-11-29 2019-11-29 Odborná literatúra pre dospelých

Powered by Koha